A first course in computational physics and object-oriented programming with C++ / (Record no. 29507)
[ view plain ]
| 000 -LEADER | |
|---|---|
| fixed length control field | 00602 a2200169 4500 |
| 020 ## - INTERNATIONAL STANDARD BOOK NUMBER | |
| International Standard Book Number | 0521827787 |
| 020 ## - INTERNATIONAL STANDARD BOOK NUMBER | |
| International Standard Book Number | 9780521827782 |
| 082 ## - DEWEY DECIMAL CLASSIFICATION NUMBER | |
| Classification number | 005.133 |
| 090 ## - LOCALLY ASSIGNED LC-TYPE CALL NUMBER (OCLC); LOCAL CALL NUMBER (RLIN) | |
| -- | 884 |
| -- | 884 |
| 100 1# - MAIN ENTRY--PERSONAL NAME | |
| Personal name | Yevick, David. |
| 245 12 - TITLE STATEMENT | |
| Title | A first course in computational physics and object-oriented programming with C++ / |
| Statement of responsibility, etc. | David Yevick. |
| 260 ## - PUBLICATION, DISTRIBUTION, ETC. | |
| Place of publication, distribution, etc. | [S.l.] : |
| Name of publisher, distributor, etc. | Cambridge University Press, |
| Date of publication, distribution, etc. | 2005. |
| 300 ## - PHYSICAL DESCRIPTION | |
| Extent | 418 p. ; |
| Dimensions | 25 cm. |
| 700 ## - ADDED ENTRY--PERSONAL NAME | |
| Personal name | Yevick, David. |
| 942 ## - ADDED ENTRY ELEMENTS (KOHA) | |
| Institution code [OBSOLETE] | SNS |
| Koha item type | Book |
| Call number prefix | 005.133 YEV |
| Withdrawn status | Lost status | Damaged status | Not for loan | Permanent Location | Current Location | Date acquired | Total Checkouts | Full call number | Barcode | Date last seen | Price effective from | Koha item type |
|---|---|---|---|---|---|---|---|---|---|---|---|---|
| School of Natural Sciences (SNS) | School of Natural Sciences (SNS) | 05/26/2016 | 005.133 YEV | SNS0001053 | 05/26/2016 | 05/26/2016 | Book |
